| 000 | 00433cam a2200133 4500500 | ||
|---|---|---|---|
| 005 | 20260405065304.0 | ||
| 041 | _afre | ||
| 042 | _adc | ||
| 100 | 1 | 0 |
_aGodelier, Maurice _eauthor |
| 700 | 1 | 0 |
_aFondation Eisai _eauthor |
| 245 | 0 | 0 | _aLe grand âge de la vie |
| 260 |
_bPresses Universitaires de France,
_c2005. |
||
| 856 | 4 | 1 | _uhttps://shs.cairn.info/le-grand-age-de-la-vie--9782130553540?lang=fr&redirect-ssocas=7080 |
| 999 |
_c2194762 _d2194762 |
||